| Поле | Название | Значение |
| |
Тип записи |
a |
| |
Библиографический уровень |
a |
| 001 |
Контрольный номер |
UONB/MAIN/4e1c40b2954b4bb88af357ad678a68e4 |
| 005 |
Дата корректировки |
20260417130855.4 |
| 100 |
Данные общей обработки |
__ |
| a |
Данные общей обработки |
20260416 ||| 0rusy0189 ca |
| 101 |
Язык документа |
0_ |
| a |
Язык текста |
rus |
| 102 |
Страна публикации |
__ |
| a |
Страна публикации |
RU |
| 200 |
Заглавие и сведения об ответственности |
1_ |
| a |
Заглавие |
Белорусский партизан из аула Теберда |
| f |
Первые сведения об ответственности |
И. Шатыренок |
| e |
Сведения, относящиеся к заглавию |
очерк |
| 203 |
Вид содержания и тип средства |
__ |
| a |
Вид содержания |
Текст |
| c |
Тип средства |
непосредственный |
| 215 |
Физическое описание |
__ |
| c |
Иллюстрации/тип воспроизводства |
ил. |
| 225 |
Серия |
1_ |
| a |
Серия |
Очерки и публицистика |
| 327 |
Примечание о содержании |
01 |
| a |
Примечание о содержании |
Партизанский командир |
| a |
Примечание о содержании |
Жена командира |
| 330 |
Аннотация |
__ |
| a |
Аннотация |
Очерк посвящен книге воспоминаний участника Великой Отечественной войны Курмана-Али Рамазановича Кипкеева "Огненный путь длиной в четыре года. Воспоминания командира партизанского отряда". |
| 461 |
Уровень набора |
_0 |
| 1 |
|
2000 |
| a |
|
Москва |
| 1 |
|
011 |
| a |
|
0131-2332 |
| 463 |
Уровень физической единицы |
_0 |
| 1 |
|
2000 |
| a |
|
№ 3 |
| v |
|
С. 200-208 |
| 1 |
|
2101 |
| d |
|
2026 |
| 1 |
|
001UONB/MAIN/be4d8960933542609546a630b5db2276 |
| 517 |
Другие варианты заглавия |
1_ |
| a |
Другие варианты заглавия |
Партизанский командир |
| 517 |
Другие варианты заглавия |
1_ |
| a |
Другие варианты заглавия |
Жена командира |
| 600 |
Персоналии |
_1 |
| a |
Персоналии (Фамилия) |
Кипкеев |
| b |
Персоналии (Имя, инициалы) |
К. Р. Али |
| c |
Дополнение к имени |
участник Великой Отечественной войны |
| g |
Полное имя |
Курман-Али Рамазанович |
| f |
Даты |
1920-2003 |
| 605 |
Заглавие как предмет |
__ |
| a |
Заглавие |
Огненный путь длиной в четыре года |
| l |
Подзаголовок формы |
воспоминания командира партизанского отряда |
| 606 |
Тематические рубрики |
0_ |
| a |
Основная рубрика |
Литературоведение |
| 606 |
Тематические рубрики |
0_ |
| a |
Основная рубрика |
Современная русская литература |
| z |
Хронологическая подрубрика |
1995 |
| 610 |
Ключевые слова |
0_ |
| a |
Ключевые слова |
Великая Отечественная война |
| 610 |
Ключевые слова |
0_ |
| a |
Ключевые слова |
воспоминания участников Великой Отечественной войны |
| 610 |
Ключевые слова |
0_ |
| a |
Ключевые слова |
военная литература |
| 610 |
Ключевые слова |
0_ |
| a |
Ключевые слова |
партизанское движение |
| 610 |
Ключевые слова |
0_ |
| a |
Ключевые слова |
биографии партизан |
| 686 |
Индексы других классификаций |
__ |
| 2 |
Код системы |
rubbk |
| 700 |
Автор |
_1 |
| a |
Фамилия |
Шатыренок |
| b |
Имя (инициалы) |
И. |
| g |
Полное личное имя |
Ирина |
| 4 |
Код отношения |
070 |
| 801 |
Источник записи |
_0 |
| a |
Страна |
RU |
| b |
Организация |
Ульяновская ОНБ |
| c |
Дата составления |
20260416 |
| g |
Правила каталогизации |
RCR |
| 801 |
Источник записи |
_1 |
| a |
Страна |
RU |
| b |
Организация |
Ульяновская ОНБ |
| c |
Дата составления |
20260416 |
| g |
Правила каталогизации |
RCR |
| 901 |
Тип документа |
__ |
| t |
Тип документа |
b |
| w |
Контрольный № источника |
UONB/MAIN/be4d8960933542609546a630b5db2276 |